Obras espirituales del venerable Padre Luis de la Puente, de la Compañia de Jesus, natural de la ciudad de Valladolid

Detalles Bibliográficos
Autor principal: Puente, Luis de la, 1554-1624
Formato: Libro
Lenguaje:Spanish
Publicado: en Madrid : por Juan Garcia Infanzon, 1690.
Materias:
Colección:Banco de datos
Acervo:Fondo Bibliográfico Antiguo de Libros eclesiásticos de la Universidad de Ciencias y Artes de Chiapas
Descripción Física:t. ; f°
Tema general:Ascética
Notas:Portada tipográfica con orla, pleca y monograma de la Sociedad de Jesús en grabado xilográfico. Texto a dos columnas con apostillas marginales. Tomo con portada y numeración propias. Año del t. 4 publicado en 1690. Paginación: t. 4 [1] h., 393 p., [12] h. Incluye cabecera de título en grabado xilográfico. Incluye capitulares floreadas en grabado xilográfico. Encuadernación en pergamino. Marca de fuego: Colegio de la Compañía de Jesús de la ciudad Real, (hoy San Cristóbal de la Casas, Chiapas). Ex libris manuscrito en la portada: "De la Compa. de Jhs ..." Daños de humedad
LEADER 01615nam a22002050004500
035 |a 359 
041 0 |a spa 
100 1 |a Puente, Luis de la, 1554-1624 
245 1 0 |a Obras espirituales del venerable Padre Luis de la Puente, de la Compañia de Jesus, natural de la ciudad de Valladolid  
260 |a en Madrid : por Juan Garcia Infanzon, 1690. 
300 |a  t. ; f° 
500 |a Portada tipográfica con orla, pleca y monograma de la Sociedad de Jesús en grabado xilográfico. Texto a dos columnas con apostillas marginales. Tomo con portada y numeración propias. Año del t. 4 publicado en 1690. Paginación: t. 4 [1] h., 393 p., [12] h. Incluye cabecera de título en grabado xilográfico. Incluye capitulares floreadas en grabado xilográfico. Encuadernación en pergamino. Marca de fuego: Colegio de la Compañía de Jesús de la ciudad Real, (hoy San Cristóbal de la Casas, Chiapas). Ex libris manuscrito en la portada: "De la Compa. de Jhs ..." Daños de humedad 
504 |a Al principio de la obra están la fe de erratas y carta al lector 
505 0 0 |a t. 4 Guia espiritual, primera, y segunda parte, en que se trata de la oracion, meditacion, y contemplacion de las divinas visitas, y gracias extraordinarias de la mortificacion, y obras heroycas que la acompañan. Dividida en quatro tratados  
600 1 4 |a Puente, Luis de la, 1554-1624-Obras 
650 1 0 |a Ascética 
949 |a UNICACH, Colección de Libros Eclesiásticos: t. 4 (424) 
942 |c CHIAECLE 
943 |g Fondo Bibliográfico Antiguo de Libros eclesiásticos de la Universidad de Ciencias y Artes de Chiapas 
999 |c 1101432  |d 1101432